000 00568nam a2200205Ia 4500
003 OSt
005 20230522152247.0
008 210423s1997 xx 000 0 und d
040 _cAL
041 _aeng
082 _a361.3
_223
_bREIS
100 _aREISCH (Michael);GAMBILL (Eileir)
_9110581
245 _aSocial work in the 21st century
260 _aNew Delhi
_bSage Publications
_c1997
365 _b2156
_cINR
650 _aSocial Problems & Services
_9110582
650 _aSocial Work
_9110583
906 _a21st ; century ; Social ; work
942 _2ddc
_cBK
999 _c172733
_d172733